Clique sur le bon pseudonyme - Statistiques

Statistiques générales
  • Ce quiz a été pris 191 fois
  • Le résultat moyen est 15 sur 40
Statistiques - réponses
Hint Réponse % Correct
Lucas Hauchard Squeezie
76%
Julien Marie JUL
67%
Nathalie Odzierejko Natoo
63%
Matthieu Tota M Pokora
61%
Marie Lopez EnjoyPhoenix
59%
Inès Benazzouz Inoxtag
58%
Kevin Bonnet Keen'V
57%
Stefani Germanotta Lady Gaga
55%
Ken Samaras Nekfeu
53%
Gandhi Alimasi Djuna Gims
51%
Julien Schwarzer SCH
48%
Béatrice Martin Coeur de Pirate
47%
Mélanie Georgiades Diam's
47%
Isabelle de Truchis de Varennes Zazie
47%
Élie Yaffa Booba
46%
André Raimbourg Bourvil
46%
Marshall Bruce Mathers III Eminem
44%
Tamara Marthe Shy'm
40%
Fabien Marsaud Grand Corps Malade
39%
Curtis James Jackson III 50 Cent
38%
Onika Tanya Maraj Nicki Minaj
38%
Bruno Nicolini Bénabar
37%
Armand Okou Gnakouri Kaaris
37%
Isabelle Geffroy Zaz
37%
Marc Jarousseau Kémar
36%
Fabienne Demal Axelle Red
35%
Anne Peichert Louane
35%
Charlotte Gonin Vitaa
33%
Fabio Quartararo El Diablo
32%
Nabil Boukhobza Naps
28%
Alecia Beth Moore Pink
26%
Housni Mkouboi Rohff
19%
Armando Christian Pérez Pitbull
18%
Alioune Badara Thiam Akon
16%
Jérémie Serrandour Lorenzo
16%
Adam Richard Wiles Calvin Harris
12%
Benjamin Hammond Haggerty Macklemore
12%
Céline Dumerc Caps
8%
Calvin Cordozar Broadus Snoop Dogg
8%
Cameron Jibril Thomaz Wiz Khalifa
8%
Aucun quiz correspondant
Distribution des résultats
% des personnes avec chaque résultat
Percentile par nombre de réponses
Votre historique - résultats
Vous n’avez pas pris ce quiz